000 01640nam a2200445 i 4500
001 47026
003 KOSZ 005
005 20191207075746.0
008 071006s1972 pl a f 000 0 pol
015 _aPB 1972/7486
035 _a991037069049705066
035 _a(PL-WaBN)b19946296-48omnis_nlop
035 _ab19946296
035 _a(OCoLC)838974668
035 _a(PL)b0000001994629
035 _a(EXLNZ-48OMNIS_NETWORK)9910124996205606
040 _aWA N
_cWA N
_dKOSZ 005/KK
041 1 _apol
_hrus
046 _k1972
080 _a53
100 1 _aLandau, Lew
_d(1908-1968).
_eAutor
245 1 0 _aKrótki kurs fizyki teoretycznej.
_n[T. 1],
_pMechanika. Elektrodynamika /
_cL. D. Landau i E. M. Lifszyc ; [tłumaczenie z rosyjskiego Stanisław Bażański].
246 1 _iTytuł oryginału:
_aKratkij kurs teoretičeskoj fiziki.
_pMehanika. Èlektrodinamika
260 _a[Warszawa] :
_bPaństwowe Wydawnictwo Naukowe,
_c1972.
300 _a289, [2] strony :
_bilustracje ;
_c23 cm.
336 _2rdacontent
_aTekst
_btxt
337 _2rdamedia
_aBez urządzenia pośredniczącego
_bn
338 _2rdacarrier
_aWolumin
_bnc
380 _aKsiążki
388 _a1901-2000
650 7 _aElektrodynamika
_2DBN
650 7 _aMechanika
_2DBN
658 _aFizyka i astronomia
658 _aInżynieria i technika
700 1 _aLifszyc, Jewgienij
_d(1915-1985)
700 1 _aBażański, Stanisław Leon
_d(1929-2017)
_eTłumaczenie
856 _uhttp://koha.tu.koszalin.pl/cgi-bin/koha/opac-detail.pl?biblionumber=47026
_yKatalog online BPK
942 _2UKD
_cKS
999 _c47026
_d47026